| 000 | 01007nam a2200265 a 4500 | ||
|---|---|---|---|
| 003 | BLK | ||
| 005 | 20240301104501.0 | ||
| 008 | 220302b bu |||||r|||| 00| ||bu d | ||
| 040 | _aBLK | ||
| 041 |
_aBUL _cBUL |
||
| 080 |
_aКорабостроителни заводи. Докове _b629.128 _x(062) _z629.128(062) |
||
| 139 |
_bР 95 _aРусенска корабостроителница ООД |
||
| 245 |
_aРусенска корабостроителница ООД _cСъстав. Лиляна Ковачева _h[Малотир. изд.] |
||
| 257 | _aBGR | ||
| 260 |
_9441842 _aРусе _bб. и. _cб. г. |
||
| 300 |
_a16 с. _bс ил. _c21 см |
||
| 380 | _a62 | ||
| 653 | 7 |
_9189181 _aкорабостроене |
|
| 653 | 7 |
_9190686 _aмашиностроителни заводи |
|
| 700 |
_91478 _aКовачева, Лиляна _eсъстав. |
||
| 852 |
_bК _cК 62/Р 95 |
||
| 942 |
_cKNG _n0 _s1 _02 |
||
| 944 |
_aCR _c2022-03-07 _k30563 _lИвелин Русев |
||
| 999 |
_c447258 _d447258 |
||
| 999 | _d447258 | ||